Spell the Marvel Character #154 - Statistics

General Stats
  • This quiz has been taken 10 times
  • The average score is 14 of 16
Answer Stats
Picture Answer % Correct
Elsa Bloodstone
100%
Emma Frost
100%
Jubilee
100%
Lockheed
100%
Okoye
100%
Tigra
100%
Gorilla-Man
89%
Havok
89%
Nakia
89%
Aurora
78%
Jann of the Jungle
78%
Jimmy Woo
78%
Namora
78%
Uranian
78%
Forge
67%
Northstar
67%
No matching quizzes found
Score Distribution
Percent of People with Each Score
Percentile by Number Answered
Your Score History
You have not taken this quiz